000 01199cam a2200313 a 4500
001 4937544
003 OSt
005 20160530184818.0
008 950711s1995 enkab b 001 0 eng d
010 _a 95213012
020 _a0521454212 (hardback)
035 _a(OCoLC)32799796
040 _aGU
_cGU
_dDLC
042 _alccopycat
050 0 4 _aRJ387.A25
_bH586 1995
082 0 0 _aQW 551
_bH641 1995
245 0 0 _aHIV infection in children :
_ba guide to practical management /
_cedited by Jacqueline Y.Q. Mok and Marie-Louise Newell.
260 _aCambridge ;
_aNew York :
_bCambridge University Press,
_c1995.
300 _axiv, 313 p. :
_bill., 1 map ;
_c24 cm.
504 _aIncludes bibliographical references and index.
650 0 _aAIDS (Disease) in children.
_99129
700 1 _aMok, Jacqueline Y. Q.
_99130
700 1 _aNewell, Marie-Louise.
_99131
856 4 2 _3Publisher description
_uhttp://www.loc.gov/catdir/description/cam027/95213012.html
856 4 1 _3Table of contents
_uhttp://www.loc.gov/catdir/toc/cam027/95213012.html
906 _a7
_bcbc
_ccopycat
_d2
_encip
_f19
_gy-gencatlg
942 _2ddc
_cO_SHELF
999 _c4236
_d4236